000 01497cam a2200385 a 4500
001 4524473
003 ARRUPE
005 20160919103148.0
008 011121s2001 gaua b 001 0 eng
010 _a2001018332
020 _a0865547203
035 _a(OCoLC)45784225
035 _a(OCoLC)ocm45784225
035 _a(NNC)4524473
040 _aDLC
_cDLC
_dDLC
_dNNUT
043 _ae-uk---
050 _aPR868.R5S35 2001
090 _aPR868.R5
_bS35 2001
100 1 _aSchiefelbein, Michael E.
_925460
245 1 4 _aThe lure of Babylon :
_bseven Protestant novelists and Britain's Roman Catholic revival /
_cby Michael E. Schiefelbein
250 _a1st ed
260 _aMacon, Ga. :
_bMercer University Press,
_c2001
300 _a202 p. :
_bill. ;
_c24 cm
504 _aIncludes bibliographical references (p. [185]-191) and index
610 2 0 _aCatholic Church
_zGreat Britain
_xHistory
_y19th century.
_925461
610 2 0 _aCatholic Church
_xIn literature.
_916114
650 0 _aEnglish fiction
_y19th century
_xHistory and criticism.
_925462
650 0 _aChristianity and literature
_zGreat Britain
_xHistory
_y19th century.
_925463
650 0 _aEnglish fiction
_xProtestant authors
_xHistory and criticism.
_925464
650 0 _aProtestantism and literature
_xHistory
_y19th century.
_925465
650 0 _aChristian fiction, English
_xHistory and criticism.
_925466
650 0 _aReligious fiction, English
_xHistory and criticism.
_925467
942 _2lcc
_cMONOGRAPH
999 _c125133
_d125133